000 00729nam a2200289Ia 4500
005 20260324133333.0
008 008 260324s9999 xx 000 0 eng d
020 _a9780203862582
037 _aEBOOK
040 _aCRL
040 _beng
040 _cCRL
041 _2eng
041 _aeng
084 _qCRL
100 _aAbbass Alkhafaji; Richard Alan Nelson
_91192711
245 0 _aStrategic Management
245 0 _bFormulation, Implementation, and Control in a Dynamic Environment
260 _bTaylor and Francis
260 _c2003
365 _a
365 _b230
856 _uhttp://www.taylorfrancis.com/books/9780203862582
942 _cEBOOK
999 _c1791642
_d1791642